British Comedians: Picture Quiz no.7 - Statistics

General Stats
  • This quiz has been taken 115 times
  • The average score is 9 of 20
Answer Stats
Picture Answer % Correct
Tommy Cooper
87%
Eric Morecambe
77%
Kenneth Williams
73%
Bob Monkhouse
69%
Hattie Jacques
69%
Tony Hancock
69%
Peter Sellers
68%
Norman Wisdom
63%
Eric Sykes
61%
Max Wall
44%
Roy Hudd
40%
Michael Bentine
31%
Marti Caine
30%
Max Miller
25%
Stanley Holloway
20%
Duggie Brown
18%
Colin Crompton
14%
Hugh Paddick
11%
Kenneth Horne
8%
Tommy Handley
7%
No matching quizzes found
Score Distribution
Percent of People with Each Score
Percentile by Number Answered
Your Score History
You have not taken this quiz